Volby do Evropského parlamentu v České republice /

Main Author: Šaradín, Pavel, 1969-
Language: Czech
Published: Olomouc : Periplum, 2004
Edition: Vyd. 1.
Series: Studie a analýzy Katedry politologie a evropských studií FF UP v Olomouci ; sv. 4
Online Access: Digitalizovaný dokument
Physical Description: 317 s. : mapy, grafická znázornění ; 21 cm
Book
Saved in:
LEADER 02078nam a2200517 a 4500
001 000755381
003 CZ BrMZK
005 20090615105813.0
007 ta
008 041214s2004 xr bd er 000 0dcze d
015 |a cnb001497712 
020 |a 80-86624-22-6  |q (brož.) 
040 |a BOA001  |b cze 
043 |a e-xr---  |a e------ 
072 7 |a 324  |x Volby, volební kampaně, referenda  |2 Konspekt  |9 15 
080 |a 324:342.53  |2 MRF 
080 |a 324:342.849.2  |2 MRF 
080 |a 324:329.8  |2 MRF 
080 |a 329.1/.6  |2 MRF 
080 |a 327:341.17  |2 MRF 
080 |a 339.922  |2 MRF 
080 |a (437.3)  |2 MRF 
080 |a (4)  |2 MRF 
080 |a (048.8)  |2 MRF 
100 1 |a Šaradín, Pavel,  |d 1969-  |7 jo20000076091  |4 aut 
245 1 0 |a Volby do Evropského parlamentu v České republice /  |c Pavel Šaradín a kolektiv 
250 |a Vyd. 1. 
260 |a Olomouc :  |b Periplum,  |c 2004 
300 |a 317 s. :  |b mapy, grafická znázornění ;  |c 21 cm 
490 1 |a Studie a analýzy Katedry politologie a evropských studií FF UP v Olomouci ;  |v sv. 4 
504 |a Obsahuje bibliografie a bibliografické odkazy 
500 |a Dostupné též v digitální podobě v aplikaci Kramerius 
610 2 7 |a Evropský parlament  |7 kn20030103003  |2 czenas 
650 0 7 |a parlamentní volby  |7 ph115681  |z Česko  |y 2004  |2 czenas 
650 0 7 |a volební kampaň  |7 ph136612  |z Česko  |y 2004  |2 czenas 
650 0 7 |a volební programy  |7 ph164955  |z Česko  |y 2004  |2 czenas 
650 0 7 |a politické strany  |7 ph115790  |z Česko  |y 2004  |2 czenas 
650 0 7 |a politická integrace  |7 ph137470  |z Evropa  |y 21. stol.  |2 czenas 
650 0 7 |a rozšíření Evropské unie  |7 ph137465  |2 czenas 
655 7 |a studie  |7 fd133597  |2 czenas 
810 2 |a Univerzita Palackého.  |b Filozofická fakulta.  |t Studie a analýzy 
856 4 1 |u http://www.digitalniknihovna.cz/mzk/uuid/uuid:e3684490-0b97-11ea-af21-005056827e52  |y Digitalizovaný dokument  |x NDK 
910 |a BOA001  |b 2-1144.448 
990 |a BK 
991 |b 200501  |c NOV 
996 6 |b 2610236657  |c 2-1144.448  |l MZK  |r Sklad / do 1 hodiny  |n 6  |p p.v.  |w 000755381  |u 000010  |a 1  |e BOA001  |j MZK50  |s P